LDR 00870naa#a2200181#i#450# 001 RU\\bibl\118785 005 20260511061707.1 011 ## _a1994-4683 100 ## _a20230428b2023####ek#y0rusy0150####ca 102 ## _aRU 200 1# _aК ВОПРОСУ О ПСИХОЛОГИЧЕСКОЙ ГОТОВНОСТИ ПЕДАГОГА К ДЕЯТЕЛЬНОСТИ В ЦИФРОВОЙ ОБРАЗОВАТЕЛЬНОЙ СРЕДЕ _eЖурнальная статья 210 1# _aМосква _cНациональный государственный Университет физической культуры, спорта и здоровья им. П.Ф. Лесгафта _d2023 215 ## _a4 с. 608 ## _aЖурнальная статья _2local 675 ## _aПсихология. 159.9 _z 700 #1 _aДжашеев _gТ И 700 #1 _aУрусова _gА М 856 4# _auchzapiski.lesgaft.spb.ru _u